Litle House in the Big Woods / Laura Ingalls Wilder, il. Garth Williams (Registro nro. 47540)
[ vista simple ]
| 000 -LÍDER | |
|---|---|
| Campo fijo de descripción fija | 003420000a22001210004500 |
| 020 ## - NÚMERO INTERNACIONAL NORMALIZADO PARA LIBROS | |
| Número Internacional Normalizado del libro | 06-440003-4 |
| 001 - NÚMERO DE CONTROL | |
| Campo de control | 295 |
| 100 1# - ASIENTO PRINCIPAL--NOMBRE PERSONAL | |
| Nombre personal | Wilder, Laura Ingalls |
| 245 10 - TÍTULO | |
| Título del Material | Litle House in the Big Woods / Laura Ingalls Wilder, il. Garth Williams |
| 260 ## - PUBLICACIÓN, DISTRIBUCIÓN, ETC. (PIE DE IMPRENTA) | |
| Lugar de publicación, distribución, etc. | New York: Harper Trophy Book |
| 300 ## - DESCRIPCIÓN FÍSICA | |
| Extensión | 337 P. |
| 500 ## - NOTA GENERAL | |
| Nota General | Novela Juvenil clásica. Tomo 1 |
No hay ítems disponibles.
